[Event "SVK-chT2B 1718"]
[Site "Slovakia"]
[Date "2018.01.14"]
[Round "6.6"]
[White "Grof, Stefan"]
[Black "Bencok, Ladislav"]
[Result "0-1"]
[WhiteElo "1887"]
[BlackElo "1912"]
[PlyCount "72"]
[EventDate "2017.10.28"]
[EventType "team-tourn"]
[EventRounds "11"]
[EventCountry "SVK"]
[SourceTitle "EXT 2019"]
[Source "ChessBase"]
[SourceDate "2018.10.10"]
[SourceVersion "1"]
[SourceVersionDate "2018.10.10"]
[SourceQuality "1"]
[WhiteTeam "Komarno II"]
[BlackTeam "Levice"]
[WhiteTeamCountry "SVK"]
[BlackTeamCountry "SVK"]

1. d4 d5 2. Nf3 Nf6 3. Bf4 e6 4. c4 Be7 5. Nc3 c6 6. Qc2 Nbd7 7. e4 dxe4 8. Nxe4 Nxe4 9. Qxe4 Bb4+ 10. Bd2 Bxd2+ 11. Nxd2 0-0 12. 0-0-0 Nf6 13. Qe3 b5 14. cxb5 cxb5 15. Bxb5 Bb7 16. f3 Bd5 17. Nb3 Qb6 18. Be2 a5 19. Kb1 Rab8 20. Qc3 Bxb3 21. axb3 Nd5 22. Qd2 Qxb3 23. Rc1 Qb6 24. Rc5 a4 25. Rb5 Qd6 26. Rc1 a3 27. b3 Qxh2 28. Rxb8 Rxb8 29. Bc4 Qd6 30. Bxd5 Qxd5 31. b4 g6 32. Qc3 Qd6 33. Qc5 Rxb4+ 34. Ka2 Qxd4 35. Qxd4 Rxd4 36. Kxa3 Rd2 0-1

[Event "SVK-chT2B 1718"]
[Site "Slovakia"]
[Date "2017.10.29"]
[Round "2.7"]
[White "Meszaros, Norbert"]
[Black "Grof, Stefan"]
[Result "0-1"]
[WhiteElo "2149"]
[BlackElo "1887"]
[PlyCount "112"]
[EventDate "2017.10.28"]
[EventType "team-tourn"]
[EventRounds "11"]
[EventCountry "SVK"]
[SourceTitle "CBM 181 Extra"]
[Source "ChessBase"]
[SourceDate "2017.12.12"]
[SourceVersion "1"]
[SourceVersionDate "2017.12.12"]
[SourceQuality "1"]
[WhiteTeam "Nove Zamky"]
[BlackTeam "Komarno II"]
[WhiteTeamCountry "SVK"]
[BlackTeamCountry "SVK"]

1. d4 Nf6 2. Bf4 c5 3. Nf3 cxd4 4. Bxb8 Rxb8 5. Nxd4 e6 6. c3 Qb6 7. Qc2 Be7 8. e3 0-0 9. Be2 d5 10. Nd2 Rd8 11. 0-0 Bd7 12. Rab1 Qa5 13. b4 Qb6 14. Qb3 Rdc8 15. c4 dxc4 16. Bxc4 Qd8 17. Rbc1 b5 18. Be2 a6 19. a3 e5 20. N4f3 Be6 21. Qb2 Nd7 22. Rfd1 f6 23. h3 Qf8 24. Nh2 Rxc1 25. Rxc1 a5 26. Rb1 axb4 27. axb4 Qc8 28. Qa3 Ra8 29. Rc1 Qb8 30. Qc3 Ra2 31. Nhf3 Kf7 32. Bd3 f5 33. e4 g6 34. Nc4 bxc4 35. Bxc4 Ra7 36. Bxe6+ Kxe6 37. Qc4+ Kf6 38. exf5 gxf5 39. Qh4+ Ke6 40. Qh6+ Nf6 41. Rd1 Bf8 42. Qe3 f4 43. Nd4+ Kf7 44. Qb3+ Kg6 45. Nc6 Qc7 46. Nxa7 Qxa7 47. b5 Bc5 48. Qc2+ Kg7 49. Rf1 Qb6 50. Qb2 Bd4 51. Qb4 Nd5 52. Qb1 Nc3 53. Qc2 Qxb5 54. Kh2 Qb7 55. Qf5 Ne4 56. f3 Ng3 0-1

[Event "SVK-chT2B 10/11"]
[Site "Slovakia"]
[Date "2010.10.23"]
[Round "1.5"]
[White "Valovic, Stefan"]
[Black "Grof, Stefan"]
[Result "1-0"]
[WhiteElo "2003"]
[BlackElo "2075"]
[PlyCount "87"]
[EventDate "2010.10.23"]
[EventType "team-tourn"]
[EventRounds "11"]
[EventCountry "SVK"]
[SourceTitle "EXT 2019"]
[Source "ChessBase"]
[SourceDate "2018.10.10"]
[SourceVersion "1"]
[SourceVersionDate "2018.10.10"]
[SourceQuality "1"]
[WhiteTeam "Topolcianky SK"]
[BlackTeam "Komarno KSC"]
[WhiteTeamCountry "SVK"]
[BlackTeamCountry "SVK"]

1. d4 Nf6 2. Bg5 Ne4 3. Bf4 c5 4. f3 Nf6 5. d5 Qb6 6. Bc1 g6 7. e4 d6 8. c4 Bg7 9. Nc3 Na6 10. a3 Bd7 11. Bd3 0-0 12. Qc2 Rfb8 13. Nge2 Qd8 14. Be3 Nc7 15. 0-0 a6 16. b4 b6 17. Rab1 e6 18. bxc5 bxc5 19. e5 dxe5 20. Bxc5 exd5 21. cxd5 Nfxd5 22. Nxd5 Nxd5 23. Be4 Be6 24. Rfd1 Rxb1 25. Qxb1 Qa5 26. Bb4 Qb6+ 27. Kh1 Rd8 28. Bxd5 Rxd5 29. Rxd5 Bxd5 30. Qd3 Qb5 31. Qd2 Qc4 32. h3 h5 33. Nc3 Be6 34. Qd8+ Kh7 35. Ne4 Qc1+ 36. Kh2 Qf4+ 37. g3 Qf5 38. Ng5+ Kh6 39. Bd2 Bf6 40. Nxe6+ g5 41. Qf8+ Kg6 42. Qg8+ Kh6 43. Bxg5+ Bxg5 44. Qg7# 1-0

[Event "SVK-chT2B 0910"]
[Site "Slovakia"]
[Date "2010.02.28"]
[Round "11.5"]
[White "Szocs, Ladislav"]
[Black "Grof, Stefan"]
[Result "0-1"]
[WhiteElo "1979"]
[BlackElo "2057"]
[PlyCount "66"]
[EventDate "2009.10.10"]
[EventType "team"]
[EventRounds "11"]
[EventCountry "SVK"]
[SourceTitle "EXT 2011"]
[Source "ChessBase"]
[SourceDate "2010.11.26"]
[SourceVersion "1"]
[SourceVersionDate "2010.11.26"]
[SourceQuality "1"]
[WhiteTeam "Sala Slovan Duslo"]
[BlackTeam "Komarno"]
[WhiteTeamCountry "SVK"]
[BlackTeamCountry "SVK"]

1. e4 c6 2. d4 d5 3. exd5 cxd5 4. Bd3 Nc6 5. c3 Nf6 6. Bf4 g6 7. Nd2 Bg7 8. Ngf3 0-0 9. 0-0 Nh5 10. Bg5 Qd6 11. Bh4 Re8 12. Re1 Bg4 13. Qb3 e6 14. Bb5 Bxf3 15. Nxf3 a6 16. Bxc6 bxc6 17. Qd1 c5 18. dxc5 Qxc5 19. Qd2 Nf6 20. Ne5 Qb5 21. Qf4 Ne4 22. Qxf7+ Kh8 23. Rxe4 Rf8 24. Qxe6 dxe4 25. Nf7+ Rxf7 26. Qxf7 Qxb2 27. Rd1 Qxc3 28. Bd8 Qc6 29. g3 e3 30. fxe3 Qe4 31. Kf2 Qc2+ 32. Kf1 Qxd1+ 33. Kg2 Rxd8 0-1

[Event "SVK-chT2B 0809"]
[Site "Slovakia"]
[Date "2008.12.07"]
[Round "6.8"]
[White "Gyopos, Istvan"]
[Black "Grof, Stefan"]
[Result "0-1"]
[WhiteElo "2064"]
[BlackElo "2043"]
[PlyCount "92"]
[EventDate "2008.10.11"]
[EventType "team-tourn"]
[EventRounds "11"]
[EventCountry "SVK"]
[SourceTitle "EXT 2010"]
[Source "ChessBase"]
[SourceDate "2010.11.25"]
[SourceVersion "1"]
[SourceVersionDate "2010.11.25"]
[SourceQuality "1"]
[WhiteTeam "Batorove Kosihy"]
[BlackTeam "Komarno KSC"]
[WhiteTeamCountry "SVK"]
[BlackTeamCountry "SVK"]

1. e4 c6 2. d4 d5 3. e5 Bf5 4. Ne2 e6 5. Ng3 Bg6 6. Bd3 Bxd3 7. Qxd3 Qa5+ 8. Bd2 Qa6 9. Qxa6 Nxa6 10. c3 c5 11. Be3 cxd4 12. Bxd4 Ne7 13. f4 Nc6 14. Bf2 g6 15. Nd2 Bh6 16. Ne2 Nc7 17. Nb3 b6 18. g3 g5 19. Nbd4 Ne7 20. Be3 gxf4 21. gxf4 Ng6 22. Kf2 Kd7 23. Rad1 b5 24. h4 a5 25. h5 Ne7 26. Ng3 Rhb8 27. f5 Bxe3+ 28. Kxe3 h6 29. f6 Nc6 30. Nxc6 Kxc6 31. Ne2 b4 32. Rc1 bxc3 33. Rxc3+ Kd7 34. Rhc1 d4+ 35. Nxd4 Nd5+ 36. Kf3 Nxc3 37. bxc3 Rg8 38. Nb5 Rg5 39. Rd1+ Kc6 40. Nd6 Ra7 41. Nxf7 Rxf7 42. Rd6+ Kc5 43. Rxe6 Kd5 44. Ra6 Rxe5 45. Rxa5+ Ke6 46. Ra6+ Kf5 0-1

[Event "SVK-chT2B 0809"]
[Site "Slovakia"]
[Date "2008.11.08"]
[Round "3.5"]
[White "Pales, Dusan"]
[Black "Grof, Stefan"]
[Result "1-0"]
[WhiteElo "1947"]
[BlackElo "2043"]
[PlyCount "81"]
[EventDate "2008.10.11"]
[EventType "team-tourn"]
[EventRounds "11"]
[EventCountry "SVK"]
[SourceTitle "EXT 2010"]
[Source "ChessBase"]
[SourceDate "2010.11.25"]
[SourceVersion "1"]
[SourceVersionDate "2010.11.25"]
[SourceQuality "1"]
[WhiteTeam "Nitra NSK III"]
[BlackTeam "Komarno KSC"]
[WhiteTeamCountry "SVK"]
[BlackTeamCountry "SVK"]

1. Nf3 Nf6 2. g3 d5 3. Bg2 c5 4. c4 Nc6 5. cxd5 Nxd5 6. Nc3 e6 7. 0-0 Be7 8. d3 0-0 9. Bd2 Bf6 10. a3 Qe7 11. Qc2 Rd8 12. Ne4 b6 13. Nxf6+ Nxf6 14. b4 Bb7 15. bxc5 bxc5 16. Rab1 Nd5 17. Rfc1 Nd4 18. Nxd4 cxd4 19. Qb2 Nb6 20. Bxb7 Qxb7 21. a4 Qd5 22. a5 Nd7 23. Qb7 Nf6 24. Rc7 e5 25. Rb5 Qa2 26. Bb4 Ne8 27. Re7 f6 28. Kf1 h6 29. a6 h5 30. Bc5 Qd2 31. Qe4 Qg5 32. h4 Qh6 33. Kg2 f5 34. Qb7 Qf6 35. Rd7 Rab8 36. Rxd8 Rxd8 37. Be7 Qe6 38. Bxd8 Nd6 39. Qd5 Kf7 40. Qxe6+ Kxe6 41. Rb7 1-0

[Event "SVK-chT1E 0708"]
[Site "Slovakia"]
[Date "2008.03.16"]
[Round "11.3"]
[White "Grof, Stefan"]
[Black "Kollarik, Gorazd"]
[Result "0-1"]
[WhiteElo "2028"]
[BlackElo "1972"]
[PlyCount "85"]
[EventDate "2007.10.13"]
[EventType "team-swiss"]
[EventRounds "11"]
[EventCountry "SVK"]
[SourceTitle "EXT 2019"]
[Source "ChessBase"]
[SourceDate "2018.10.10"]
[SourceVersion "1"]
[SourceVersionDate "2018.10.10"]
[SourceQuality "1"]
[WhiteTeam "Komarno KSC"]
[BlackTeam "Hlohovec SK Zentiva II"]
[WhiteTeamCountry "SVK"]
[BlackTeamCountry "SVK"]

1. Nf3 d5 2. d4 e6 3. Bf4 Nf6 4. Nbd2 Bd6 5. Ne5 0-0 6. e3 c5 7. c3 b6 8. Bd3 Bb7 9. g4 Bxe5 10. Bxe5 Ne4 11. Qf3 Nxd2 12. Kxd2 Nc6 13. Bf4 Ne7 14. Rab1 f6 15. Qh3 g6 16. Qg2 Qd7 17. g5 f5 18. h4 Rf7 19. h5 c4 20. Bc2 b5 21. Be5 Kf8 22. Bf6 Ke8 23. Bd1 a5 24. hxg6 Nxg6 25. Bh5 Qd6 26. Bxg6 hxg6 27. Be5 Qe7 28. Rh6 Kd7 29. Rxg6 b4 30. Rf6 Rg8 31. Rxf7 Qxf7 32. g6 Qe8 33. Qg5 Bc8 34. Qf6 Kc6 35. Qf7 Bd7 36. Qf6 Bc8 37. Bf4 Bd7 38. g7 Bc8 39. Rh1 Qd7 40. Be5 Qe8 41. Rh8 Bd7 42. Rxg8 Qxg8 43. Qf8 0-1

[Event "SVK-chT2B 0708"]
[Site "Slovakia"]
[Date "2008.03.08"]
[Round "10.4"]
[White "Grof, Stefan"]
[Black "Mikulas, Jaroslav"]
[Result "0-1"]
[WhiteElo "2028"]
[BlackElo "2082"]
[PlyCount "62"]
[EventDate "2007.10.06"]
[EventType "team-tourn"]
[EventRounds "11"]
[EventCountry "SVK"]
[SourceTitle "EXT 2010"]
[Source "ChessBase"]
[SourceDate "2010.11.25"]
[SourceVersion "1"]
[SourceVersionDate "2010.11.25"]
[SourceQuality "1"]
[WhiteTeam "Komarno KSC II"]
[BlackTeam "Prievidza SK II"]
[WhiteTeamCountry "SVK"]
[BlackTeamCountry "SVK"]

1. Nf3 Nf6 2. d4 g6 3. Bf4 Bg7 4. Nbd2 d5 5. h3 0-0 6. e3 c5 7. c3 Nbd7 8. Bd3 b6 9. 0-0 Bb7 10. Re1 Ne4 11. Qc2 Nxd2 12. Qxd2 Nf6 13. Rad1 c4 14. Bb1 b5 15. Be5 e6 16. Nh2 Qb6 17. Ng4 Nxg4 18. Bxg7 Kxg7 19. hxg4 a5 20. a3 b4 21. axb4 axb4 22. f4 f5 23. g5 Bc6 24. Bc2 Ra2 25. Rb1 Rb8 26. Rec1 bxc3 27. bxc3 Qxb1 28. Rxb1 Rxb1+ 29. Kh2 Rbb2 30. Qe1 Rxc2 31. Kh3 Rxg2 0-1

[Event "SVK-chT1E 0708"]
[Site "Slovakia"]
[Date "2008.02.09"]
[Round "8.6"]
[White "Helbich, Jan"]
[Black "Grof, Stefan"]
[Result "1/2-1/2"]
[WhiteElo "2263"]
[BlackElo "2028"]
[PlyCount "37"]
[EventDate "2007.10.13"]
[EventType "team-swiss"]
[EventRounds "11"]
[EventCountry "SVK"]
[SourceTitle "EXT 2019"]
[Source "ChessBase"]
[SourceDate "2018.10.10"]
[SourceVersion "1"]
[SourceVersionDate "2018.10.10"]
[SourceQuality "1"]
[WhiteTeam "Prievidza SK"]
[BlackTeam "Komarno KSC"]
[WhiteTeamCountry "SVK"]
[BlackTeamCountry "SVK"]

1. e4 c6 2. d4 d5 3. exd5 cxd5 4. c4 Nf6 5. Nc3 e6 6. Nf3 Bb4 7. cxd5 Nxd5 8. Bd2 0-0 9. Bd3 Nf6 10. 0-0 Nbd7 11. Rc1 Nb6 12. Ne4 Bxd2 13. Qxd2 Nbd5 14. Rfd1 b6 15. Nxf6+ Nxf6 16. Qe2 Bb7 17. Ba6 Qe7 18. a3 Rac8 19. h3 1/2-1/2

[Event "SVK-chT2B 0708"]
[Site "Slovakia"]
[Date "2008.02.02"]
[Round "8.1"]
[White "Svonavec, Stefan"]
[Black "Grof, Stefan"]
[Result "0-1"]
[WhiteElo "2052"]
[BlackElo "2028"]
[PlyCount "152"]
[EventDate "2007.10.06"]
[EventType "team-tourn"]
[EventRounds "11"]
[EventCountry "SVK"]
[SourceTitle "EXT 2010"]
[Source "ChessBase"]
[SourceDate "2010.11.25"]
[SourceVersion "1"]
[SourceVersionDate "2010.11.25"]
[SourceQuality "1"]
[WhiteTeam "Topolcianky SK"]
[BlackTeam "Komarno KSC II"]
[WhiteTeamCountry "SVK"]
[BlackTeamCountry "SVK"]

1. d4 Nf6 2. Nf3 d6 3. Bg5 Nbd7 4. Nbd2 e5 5. e3 Be7 6. h3 c6 7. c3 e4 8. Nh2 d5 9. Be2 a5 10. 0-0 0-0 11. Qc2 Ne8 12. Bxe7 Qxe7 13. c4 f5 14. cxd5 cxd5 15. Qb3 Ndf6 16. Rac1 Qb4 17. Rc3 Bd7 18. a3 Qxb3 19. Nxb3 Nd6 20. Rfc1 b6 21. h4 Rfc8 22. Nf1 Rxc3 23. Rxc3 Rc8 24. Rxc8+ Bxc8 25. Nfd2 Bd7 26. Nc1 Bb5 27. Bd1 Kf7 28. f3 h6 29. Kf2 Ke6 30. Na2 Bc4 31. Nc3 Bd3 32. fxe4 fxe4 33. Na4 Nc8 34. h5 Kd6 35. g4 Bb5 36. Nc3 Bd7 37. Kg3 Ne7 38. Be2 Nc8 39. Kf4 Nh7 40. Ba6 Ne7 41. Bb7 Nf6 42. b4 axb4 43. axb4 Nxg4 44. Ncxe4+ dxe4 45. Nc4+ Kc7 46. Bxe4 Nf6 47. Bf3 Ned5+ 48. Ke5 Nxb4 49. d5 b5 50. d6+ Kb8 51. Nb6 Nc6+ 52. Kf4 Kb7 53. Nxd7 Nxd7 54. Kf5 Kb6 55. Ke6 Nc5+ 56. Kf5 b4 57. Bd5 Nd7 58. Kg6 Nf6 59. Bb3 Nxh5 60. Kxh5 Ne5 61. Ba4 g5 62. e4 Kb7 63. Bb3 Kc6 64. d7 Kxd7 65. Bd5 Kd6 66. Bb3 Kc5 67. Bg8 Kd4 68. Bd5 Kc3 69. Be6 b3 70. Bg8 b2 71. Ba2 Kd4 72. Bb1 Ke3 73. Bc2 Kf2 74. Kxh6 g4 75. Kg5 g3 76. Kf5 g2 0-1

[Event "SVK-chT2B 0708"]
[Site "Slovakia"]
[Date "2007.11.04"]
[Round "4.1"]
[White "Szocs, Ladislav"]
[Black "Grof, Stefan"]
[Result "1-0"]
[WhiteElo "1989"]
[BlackElo "2028"]
[PlyCount "77"]
[EventDate "2007.10.06"]
[EventType "team-tourn"]
[EventRounds "11"]
[EventCountry "SVK"]
[SourceTitle "EXT 2010"]
[Source "ChessBase"]
[SourceDate "2010.11.25"]
[SourceVersion "1"]
[SourceVersionDate "2010.11.25"]
[SourceQuality "1"]
[WhiteTeam "Sala Slovan Duslo"]
[BlackTeam "Komarno KSC II"]
[WhiteTeamCountry "SVK"]
[BlackTeamCountry "SVK"]

1. e4 c6 2. d4 d5 3. exd5 cxd5 4. Bd3 Nc6 5. c3 Nf6 6. Bf4 e6 7. Nf3 Be7 8. 0-0 0-0 9. Nbd2 a5 10. a4 b6 11. Re1 Ba6 12. Bxa6 Rxa6 13. Ne5 Nxe5 14. dxe5 Nd7 15. Qg4 Re8 16. Re3 Bf8 17. Rh3 g6 18. Nf3 Bg7 19. Re1 Ra7 20. Nd4 Rc7 21. Nb5 Rc4 22. b3 Nxe5 23. Rxe5 Rxf4 24. Qxf4 Qb8 25. Rf3 Bxe5 26. Qxf7+ Kh8 27. Rh3 Bg7 28. Nd6 Rf8 29. Qxg6 h6 30. Rxh6+ Bxh6 31. Qxh6+ Kg8 32. Qg6+ Kh8 33. Nf7+ Rxf7 34. Qxf7 Qe5 35. h4 Qxc3 36. h5 Qe1+ 37. Kh2 d4 38. Qf6+ Kg8 39. h6 1-0

[Event "SVK-ch op-A"]
[Site "Banska Stiavnica"]
[Date "2007.07.08"]
[Round "2.59"]
[White "Grof, Stefan"]
[Black "Zvarikova, Alexandra"]
[Result "0-1"]
[WhiteElo "2063"]
[BlackElo "1866"]
[PlyCount "88"]
[EventDate "2007.07.07"]
[EventType "swiss"]
[EventRounds "9"]
[EventCountry "SVK"]
[SourceTitle "EXT 2010"]
[Source "ChessBase"]
[SourceDate "2010.11.25"]
[SourceVersion "1"]
[SourceVersionDate "2010.11.25"]
[SourceQuality "1"]

1. Nf3 Nf6 2. d4 g6 3. Bf4 Bg7 4. Nbd2 0-0 5. e4 d6 6. h3 c6 7. c3 Nbd7 8. Bc4 b5 9. Bb3 Ne8 10. e5 d5 11. 0-0 Nc7 12. a4 Ne6 13. Bg3 bxa4 14. Bxa4 Bb7 15. Ra2 Nb6 16. Bc2 c5 17. dxc5 Nxc5 18. Qe2 e6 19. Rfa1 a6 20. Bh4 Qc7 21. Qe3 Rfe8 22. Bf6 Ncd7 23. Bxg7 Kxg7 24. Bd3 a5 25. Rxa5 Rxa5 26. Rxa5 Nc4 27. Nxc4 dxc4 28. Ra4 cxd3 29. Rh4 Rh8 30. Qh6+ Kg8 31. Ng5 Qc6 32. Ne4 Qd5 33. c4 Qxe5 34. Qe3 Bxe4 35. Rxe4 d2 36. Rd4 Qxe3 37. fxe3 Ne5 38. b3 Kg7 39. Rxd2 Rb8 40. c5 Rxb3 41. Rc2 Rb4 42. c6 Rc4 43. Rxc4 Nxc4 44. c7 Nd6 0-1

[Event "SVK-chT2B 0607"]
[Site "Slovakia"]
[Date "2006.12.16"]
[Round "5.4"]
[White "Urban, Gabor"]
[Black "Grof, Stefan"]
[Result "0-1"]
[WhiteElo "1930"]
[BlackElo "2049"]
[PlyCount "82"]
[EventDate "2006.10.14"]
[EventType "team-tourn"]
[EventRounds "11"]
[EventCountry "SVK"]
[SourceTitle "EXT 2008"]
[Source "ChessBase"]
[SourceDate "2007.11.25"]
[SourceVersion "1"]
[SourceVersionDate "2007.11.25"]
[SourceQuality "1"]
[WhiteTeam "Batorove Kosihy"]
[BlackTeam "Komarno KSC"]
[WhiteTeamCountry "SVK"]
[BlackTeamCountry "SVK"]

1. c4 e5 2. Nc3 Nf6 3. Nf3 Nc6 4. g3 d5 5. cxd5 Nxd5 6. Bg2 Nb6 7. 0-0 Be7 8. a3 a5 9. e3 0-0 10. d4 exd4 11. Nxd4 Nxd4 12. exd4 Bf6 13. Be3 Nc4 14. Qb3 Nd6 15. Rac1 Be6 16. d5 Bd7 17. Ne4 Nxe4 18. Bxe4 Re8 19. Bg2 Be5 20. Bd2 a4 21. Qxb7 Rb8 22. Qa7 Bxb2 23. Rxc7 Bb5 24. Re1 Rxe1+ 25. Bxe1 Qe8 26. Re7 Qd8 27. Bb4 Be8 28. Qe3 Bf6 29. Ra7 Qc8 30. d6 Qc2 31. h3 Qd1+ 32. Kh2 Bd4 33. Qd2 Qxd2 34. Bxd2 Bxa7 35. Bb4 Bd7 36. Bd5 Rb5 37. Bc4 Re5 38. Kg2 Bc5 39. f4 Re4 40. Bd5 Rxb4 41. axb4 Bxb4 0-1

[Event "SVK-chT1W 0506"]
[Site "Slovakia"]
[Date "2006.??.??"]
[Round "?"]
[White "Grof, Stefan"]
[Black "Bojda, Lubomir"]
[Result "0-1"]
[WhiteElo "2035"]
[BlackElo "2130"]
[PlyCount "54"]
[EventDate "2005.10.15"]
[EventType "tourn"]
[EventRounds "11"]
[EventCountry "SVK"]
[SourceTitle "EXT 2008"]
[Source "ChessBase"]
[SourceDate "2007.11.25"]
[SourceVersion "1"]
[SourceVersionDate "2007.11.25"]
[SourceQuality "1"]

1. Nf3 d5 2. d4 c6 3. Bf4 Nf6 4. e3 Bf5 5. c4 Bxb1 6. Qxb1 e5 7. Bxe5 Bb4+ 8. Kd1 Ne4 9. Bg3 0-0 10. Bd3 Re8 11. a3 Ba5 12. Bxe4 dxe4 13. Nd2 c5 14. d5 b5 15. b3 f5 16. h4 Nd7 17. Qc2 Nf6 18. Ke2 Nh5 19. Rad1 Qd7 20. Nb1 f4 21. Bxf4 Qg4+ 22. Kf1 Nxf4 23. exf4 bxc4 24. bxc4 e3 25. Qe2 Qxf4 26. f3 Rab8 27. Rc1 Qe5 0-1

[Event "SVK-chT1W 0506"]
[Site "Slovakia"]
[Date "2006.??.??"]
[Round "?"]
[White "Grof, Stefan"]
[Black "Eged, Igor"]
[Result "1-0"]
[WhiteElo "2035"]
[BlackElo "2105"]
[PlyCount "75"]
[EventDate "2005.10.15"]
[EventType "tourn"]
[EventRounds "11"]
[EventCountry "SVK"]
[SourceTitle "EXT 2008"]
[Source "ChessBase"]
[SourceDate "2007.11.25"]
[SourceVersion "1"]
[SourceVersionDate "2007.11.25"]
[SourceQuality "1"]

1. Nf3 d5 2. d4 c6 3. Bf4 e6 4. e3 Nf6 5. Nbd2 Nh5 6. Bg5 Be7 7. Bxe7 Qxe7 8. Ne5 Nf6 9. c4 dxc4 10. Bxc4 0-0 11. 0-0 Nbd7 12. Ndf3 c5 13. Nxd7 Nxd7 14. Rc1 Rd8 15. Qc2 cxd4 16. Nxd4 Nf6 17. Rfd1 Bd7 18. Qb3 Rab8 19. Be2 e5 20. Nb5 a6 21. Nc3 Bc6 22. Qb6 Nd5 23. Nxd5 Bxd5 24. b3 Qe6 25. Qa5 Rd6 26. Qc7 Rbd8 27. e4 R6d7 28. Rxd5 g6 29. Rxd7 Rxd7 30. Qc4 Qf6 31. Qc8+ Rd8 32. Qxb7 Qf4 33. Rc8 Rxc8 34. Qxc8+ Kg7 35. Bxa6 Qxe4 36. Qc1 Qd4 37. Bc4 Qa7 38. a4 1-0

[Event "SVK-chT3B 9900"]
[Site "Slovakia"]
[Date "2000.??.??"]
[Round "?"]
[White "Grof, Stefan"]
[Black "Janko, Zoltan"]
[Result "1/2-1/2"]
[WhiteElo "2027"]
[BlackElo "2149"]
[PlyCount "34"]
[EventDate "1999.??.??"]
[EventType "team-tourn"]
[EventRounds "11"]
[EventCountry "SVK"]
[SourceTitle "EXT 2001"]
[Source "ChessBase"]
[SourceDate "2000.11.22"]
[SourceVersion "1"]
[SourceVersionDate "2000.11.22"]
[SourceQuality "1"]

1. Nf3 Nf6 2. g3 g6 3. Bg2 Bg7 4. c4 c5 5. Nc3 0-0 6. 0-0 d5 7. cxd5 Nxd5 8. Qb3 Nb6 9. d3 Nc6 10. Qb5 c4 11. dxc4 Be6 12. Rd1 Qe8 13. Nd5 Bxd5 14. cxd5 Ne5 15. Qxe8 Rfxe8 16. Nxe5 Bxe5 17. Rb1 Na4 1/2-1/2